000 00204nam a2200085Ia 4500
008 170620s9999 xx 000 0 und d
100 _aRAO- RAJYALAKSHMI
245 0 _aCONSUMER IS KING
260 _bDELHI; UNIVERSAL L P
260 _c2009
999 _c29367
_d29367